<?xml version="1.0" encoding="UTF-8"?>
<record
    xmlns:xsi="http://www.w3.org/2001/XMLSchema-instance"
    xsi:schemaLocation="http://www.loc.gov/MARC21/slim http://www.loc.gov/standards/marcxml/schema/MARC21slim.xsd"
    xmlns="http://www.loc.gov/MARC21/slim">

  <leader>01649nam a22003257a 4500</leader>
  <controlfield tag="001">BRCA_9202</controlfield>
  <controlfield tag="003">FranzMayer</controlfield>
  <controlfield tag="005">20220809125645.0</controlfield>
  <controlfield tag="008">220713b        |||||||| |||| 00| 0 eng d</controlfield>
  <datafield tag="020" ind1=" " ind2=" ">
    <subfield code="a">9786079851415</subfield>
  </datafield>
  <datafield tag="040" ind1=" " ind2=" ">
    <subfield code="b">spa</subfield>
    <subfield code="c">MFM</subfield>
  </datafield>
  <datafield tag="041" ind1=" " ind2=" ">
    <subfield code="a">spa</subfield>
    <subfield code="a">eng</subfield>
  </datafield>
  <datafield tag="050" ind1=" " ind2=" ">
    <subfield code="a">NK3720.M4</subfield>
    <subfield code="b">F45 2020</subfield>
  </datafield>
  <datafield tag="245" ind1="1" ind2="0">
    <subfield code="a">Felix Tissot /</subfield>
    <subfield code="c">curadur&#xED;a, Ana Elena Mallet.</subfield>
  </datafield>
  <datafield tag="264" ind1=" " ind2="1">
    <subfield code="a">Ciudad de M&#xE9;xico :</subfield>
    <subfield code="b">Fauna,</subfield>
    <subfield code="c">2020.</subfield>
  </datafield>
  <datafield tag="300" ind1=" " ind2=" ">
    <subfield code="a">190 p. :</subfield>
    <subfield code="b">il., fot. ;</subfield>
    <subfield code="c">18 x 24 cm.</subfield>
  </datafield>
  <datafield tag="336" ind1=" " ind2=" ">
    <subfield code="a">text</subfield>
    <subfield code="b">txt</subfield>
    <subfield code="2">rdacontent</subfield>
  </datafield>
  <datafield tag="337" ind1=" " ind2=" ">
    <subfield code="a">unmediated</subfield>
    <subfield code="b">n</subfield>
    <subfield code="2">rdamedia</subfield>
  </datafield>
  <datafield tag="338" ind1=" " ind2=" ">
    <subfield code="a">volume</subfield>
    <subfield code="b">nc</subfield>
    <subfield code="2">rdacarrier</subfield>
  </datafield>
  <datafield tag="500" ind1=" " ind2=" ">
    <subfield code="a">Ubicaci&#xF3;n: L60-N1</subfield>
  </datafield>
  <datafield tag="500" ind1=" " ind2=" ">
    <subfield code="a">Este libro se public&#xF3; con motivo de la exposici&#xF3;n "Feliz Tissot: lo eterno y lo moderno", llevada a cabo en el Museo Franz Mayer, Ciudad de M&#xE9;xico (12 de noviembre de 2019 - 16 de febrero de 2020).</subfield>
  </datafield>
  <datafield tag="500" ind1=" " ind2=" ">
    <subfield code="a">Incluye un apartado escrito por la antrop&#xF3;loga Gobi Stromberg.</subfield>
  </datafield>
  <datafield tag="504" ind1=" " ind2=" ">
    <subfield code="a">Bibliograf&#xED;a: pp. 188-189</subfield>
  </datafield>
  <datafield tag="520" ind1=" " ind2=" ">
    <subfield code="a">Ana Elena Mallet moldea la trayectoria creativa de Tissot y transmite las cualidades que lo hicieron un pionero del dise&#xF1;o, no s&#xF3;lo por los objetos que creaba, sino por la visi&#xF3;n para proponer un modo de producci&#xF3;n inclusivo y colaborativo, aunada a la sensibilidad para unir lo mejor de varios mundos en una empresa que hoy en d&#xED;a se llamar&#xED;a "sustentable". - Proporcionado por el editor.</subfield>
  </datafield>
  <datafield tag="600" ind1="1" ind2="0">
    <subfield code="a">Tissot, F&#xE9;lix,</subfield>
    <subfield code="d">1909 - 1989</subfield>
    <subfield code="v">Exposiciones</subfield>
    <subfield code="9">28448</subfield>
  </datafield>
  <datafield tag="650" ind1=" " ind2="0">
    <subfield code="a">Cer&#xE1;mica</subfield>
    <subfield code="y">Siglo XX</subfield>
    <subfield code="v">Exposiciones</subfield>
    <subfield code="9">28449</subfield>
    <subfield code="z">M&#xE9;xico</subfield>
  </datafield>
  <datafield tag="650" ind1=" " ind2="0">
    <subfield code="a">Cer&#xE1;mica</subfield>
    <subfield code="z">Mexico</subfield>
    <subfield code="z">Taxco de Alarc&#xF3;n</subfield>
    <subfield code="y">Siglo XX</subfield>
    <subfield code="v">Exposiciones</subfield>
    <subfield code="9">28450</subfield>
  </datafield>
  <datafield tag="942" ind1=" " ind2=" ">
    <subfield code="c">B</subfield>
    <subfield code="2">lcc</subfield>
  </datafield>
  <datafield tag="999" ind1=" " ind2=" ">
    <subfield code="c">10821</subfield>
    <subfield code="d">10821</subfield>
  </datafield>
  <datafield tag="952" ind1=" " ind2=" ">
    <subfield code="0">0</subfield>
    <subfield code="1">0</subfield>
    <subfield code="2">lcc</subfield>
    <subfield code="4">0</subfield>
    <subfield code="7">0</subfield>
    <subfield code="a">BRCA</subfield>
    <subfield code="b">BRCA</subfield>
    <subfield code="d">2022-07-13</subfield>
    <subfield code="l">0</subfield>
    <subfield code="o">NK3720.M4 F45 2020</subfield>
    <subfield code="p">CONT9980</subfield>
    <subfield code="r">2022-07-13 00:00:00</subfield>
    <subfield code="w">2022-07-13</subfield>
    <subfield code="y">B</subfield>
  </datafield>
  <datafield tag="952" ind1=" " ind2=" ">
    <subfield code="0">0</subfield>
    <subfield code="1">0</subfield>
    <subfield code="2">lcc</subfield>
    <subfield code="4">0</subfield>
    <subfield code="7">0</subfield>
    <subfield code="a">BRCA</subfield>
    <subfield code="b">BRCA</subfield>
    <subfield code="d">2022-07-13</subfield>
    <subfield code="l">0</subfield>
    <subfield code="o">NK3720.M4 F45 2020</subfield>
    <subfield code="p">CONT9981</subfield>
    <subfield code="r">2022-07-13 00:00:00</subfield>
    <subfield code="w">2022-07-13</subfield>
    <subfield code="y">B</subfield>
  </datafield>
</record>
